Історія України: у 2 т. (Запис № 365809)

МАРК-запис
000 -Лідер
fixed length control field 00765nam a22002777a 4500
001 - Контрольний номер
control field 79475
003 - Ідентифікатор контрольного номера
control field UA-OsUOA
005 - Дата та час останнього входження (трансакції)
control field 20210831155943.0
007 - Фіксоване поле фізичного опису
fixed length control field ta
008 - Елементи даних фіксованої довжини – загальна інформація
fixed length control field 20111109b un ||||| |||| 00| 0 ukr d
020 ## - Міжнародний стандартний книжковий номер (ISBN)
Міжнародний стандартний книжковий номер (ISBN) (НП) 5325005979
040 ## - Джерело каталогізації
Агенція оригінальної каталогізації UA-OsUOA
Мова каталогізації ukr
Агенція, яка здійснювала перезапис UA-OsUOA
Агенція, яка здійснювала модифікацію UA-OsUOA
041 ## - Код мови
Код мови тексту/ звукової доріжки чи окремого заголовка (П) ukr
044 ## - Код країни видавця/ виробника
Код країни видавця/ виробника (П) UA
080 ## - Індекс Універсальної десяткової класифікації
Індекс Універсальної десяткової класифікації (УДК) (НП) 941 (477)
090 ## - Локальний шифр розміщення
Класифікаційний індекс УДК 941 (477)
Авторський знак (НП) П52
100 ## - Основне введення – ім’я особи
Ім’я особи (НП) Полонська-Василенко Н.
245 ## - Відомості про назву
Назва (НП) Історія України: у 2 т.
260 ## - Публікація, розповсюдження і т.п. (Вихідні дані)
Місце публікації, розповсюдження і т.п. (П) Київ
Ім’я/ наймення видавництва, розповсюджувача і т.п. (П) Либідь
Дата публікації, розповсюдження і т.п. (П) 1993
300 ## - Фізичний опис
Обсяг 608 с.
505 ## - Форматована примітка про зміст
Змішана інформація Т. 2
650 #7 - Додаткове предметне введення – тематичний термін
Тематичний термін чи географічна назва, як елемент введення (НП) 9 Географія. Біографії. Історія
Джерело заголовка чи терміна UDC
942 ## - Додаткові елементи входу (Коха)
Тип елемента Koha Книги
Source of classification or shelving scheme Universal Decimal Classification
955 ## - Код типу видання за змістом
Код типу видання за змістом (НП) Навчальні видання
Фонди
Стан вилучень Стан втрат Джерело класифікації або схеми стелажів Стан уражень Не для кредиту Код колекції Постійне місце розташування Поточне розміщення Дата придбання Джерело придбання Вартість, звичайна ціна покупки Послідовне перерахування / хронологія Інвентарний номер Повний номер виклику Штрих-код Дата останнього перегляду Ціна ефективна від Тип елемента Koha
    Universal Decimal Classification     Колекція Василишина Р.Д. АБ - Абонемент НБ АБ - Абонемент НБ 09/11/2011 134/2011 10.00 Т. 2 135420 941 (477) П52 135420 29/09/2021 09/11/2011 Книги